000 00779nam a2200253Ia 4500
003 OSt
005 20220928123923.0
006 a|||||r|||| 00| 0
007 ta
008 220927b |||||||| |||| 00| 0 eng d
020 _cINR 1195.00
024 _a143185
037 _b101, 16/03/2020, Excel Book International
_cTextual
040 _aSDCL
_cSDCL
_beng
041 _2eng
_aeng
082 _aX:9:(W), Q6
100 _aNair Manjusha
_9462269
245 0 _aUndervalued dissent
_b Informed workers politics in India
260 _aDelhi
_bMeena Book Publications
_c2016
300 _axv,231p.
_ccm.
650 _aPolitical Science
942 _hX:9:(W), Q6
_cTEXL
_2CC
999 _c775271
_d775271